Normal view
MARC view
Entry Personal Name
001 - CONTROL NUMBER
- control field: 26426
003 - CONTROL NUMBER IDENTIFIER
- control field: dpl
005 - DATE AND TIME OF LATEST TRANSACTION
- control field: 20110307152555.0
008 - FIXED-LENGTH DATA ELEMENTS
- fixed length control field: 110307|||a|||||| | ||| d
040 ## - CATALOGING SOURCE
- Original cataloging agency: dpl
- Transcribing agency: dpl
100 ## - HEADING--PERSONAL NAME
- Personal name: पंत,पुष्पेश
670 ## - SOURCE DATA FOUND
- Source citation: Work cat.: (dpl)36148: पंत,पुष्पेश, भारत की विदेश नीति /, 2010
670 ## - SOURCE DATA FOUND
- Source citation: Work cat.: (dpl)36148: पंत,पुष्पेश, भारत की विदेश नीति /, 2010
